00427nam a2200109Ia 4500008004100000050002100041100002400062245009000086260008600176300002800262521002700290140724s9999 xx 000 0 und d aTP 1b.L961 2013 aLuna, Mark Edwin A. aEnrollment system for creative minds Christian Learning School /cLuna, Mark Edwin A. aLas Piñas, Philippines :bSouthville International School and Colleges,cc2013. a96 p. :bill. ;c28 cm. aInformation Technology